| 000 | 01251nam2a22002651 4500 | ||
|---|---|---|---|
| 001 | RU\NLR\A1SV\31243 | ||
| 005 | 20251203152403.2 | ||
| 035 | _a(NLR Aleph) 009715141 | ||
| 090 |
_a13479345 _c13479345 |
||
| 100 | _a20000406d1927 u y0rusy50 ca | ||
| 101 | 0 | _arus | |
| 200 | 0 |
_aВып.3(6) _fПод ред. Г.Г.Мансурова и М.С.Эпштейна _gНар. ком. прос. РСФСР |
|
| 210 |
_aМ. _aЛ. _cГос. изд-во. _d1927 |
||
| 215 | _a204 с., 1 л. ил. | ||
| 300 | _aНа обл. загл.: Вопросы всеобщего обучения (среди нацмен) | ||
| 461 | 1 |
_1001RU\NLR\A1SV\31240 _12000#$vВып.3(6) _99851782 _cМ. _d1926-1929 _fНар. ком. прос. РСФСР. Главсоцвос _nОтд. всеобщ. обучения _tВопросы всеобщего обучения _vВып.3(6) |
|
| 512 | 1 | _aВопросы всеобщего обучения (среди нацмен) | |
| 620 | _dСанкт-Петербург | ||
| 702 | 1 |
_aЭпштейн _bМ.С. _f1890-1938 _gМоисей Соломонович |
|
| 702 | 1 |
_aМансуров _bГ.Г. _f1894-1955 _gГасым Гатинович _4070 |
|
| 801 | 0 |
_aRU _bNLR _c20000406 |
|
| 942 | _cBOOK | ||
| 980 | _aA1SV | ||
| 980 | _aNB | ||